00589nam a2200205 a 450000100060000000300080000600500170001400800410003103500190007204000320009104100080012308200220013110000190015324500520017226000360022430000200026050000190028065000330029965100510033242596BD-RjUL20211209053549.0160614s1966 enk b 000 0 eng  a(BD-RjUL)42714 aDLCcDLCdDLCdBD-RjULbeng aeng00a330223bROE 19661 aRobinson, Joan10aEconomics :ban awkward corner /cJoan Robinson aLondon :bAllen & Unwin,c1966. a94 p. ;c18 cm. aIncludes Index 0aEconomic historyy1945-1971. 0aGreat BritainxEconomic conditionsy1945-1964.